000 00296nam a2200133Ia 4500
100 _aMc Neilly Mark
942 _cBK
654 _aBusiness
245 _aSun T2U and the art of Business
260 _bOxford university
_c1996
082 _a658.409
_bMCN
546 _aENGLISH
999 _c34509
_d34509